Score 0/26 Timer 03:00
0 Plays Today
Hint Missing Word % Correct
Bank of _____ Corp.America
96.5%
_____ & JohnsonJohnson
96.5%
_____-Mart StoresWal
94.3%
_____ MotorsGeneral
94.2%
Wells _____Fargo
92.9%
_____ LaurenRalph
91.1%
Home _____Depot
90.7%
Hewlett-_____Packard
90.5%
Goodyear _____ & RubberTire
89.4%
_____ MobilExxon
88.7%
_____ StanleyMorgan
83.1%
_____ Farm Insurance Co.State
81.5%
JPMorgan _____ & Co.Chase
71%
Hint Missing Word % Correct
Texas _____Instruments
69%
_____ PacificUnion
68.4%
_____ CommunicationsVerizon
62.9%
International ______ MachinesBusiness
62.8%
Auto_____Zone
61%
Capital _____ FinancialOne
58.1%
New _____ Life InsuranceYork
56.2%
_____ Mutual Insurance GroupLiberty
55.9%
_____ FoodsKraft
53.2%
Berkshire _____Hathaway
50.1%
Sprint _____Nextel
42.9%
_____ DiagnosticsQuest
40.4%
_____ EnergyXcel
10.1%

Today's Daily Dose

Remove Ads.
Support Sporcle.
Get the best of Sporcle when you Go Orange. This ad-free experience offers more features, more stats, and more fun while also helping to support Sporcle. Thank you for becoming a member.

You're not logged in!

Compare scores with friends on all Sporcle quizzes.
OR
Log In

Show Comments

Extras

Top Quizzes Today


Score Distribution

Your Account Isn't Verified!

In order to create a playlist on Sporcle, you need to verify the email address you used during registration. Go to your Sporcle Settings to finish the process.

Report this User

Report this user for behavior that violates our Community Guidelines.

Details: